000 00453nam a2200181Ia 4500
001 24271
005 20260414151032.0
008 260414t2022||||xx |||||||||||||| ||spa||
041 _aESP
082 _a345.2
_bG63
100 _aGómez Colomer, Juan Luis
_eAUT
245 0 _aDerecho procesal penal :
_bestudios y comentarios
260 _c2022
300 _a1085 páginas :
_c25 cm.
650 _aDER
654 _aCDE
942 _cLIB
_dJUS
_fJUS
_2ddc
_n
999 _c24271
_d24271